| 000 | 00000nam##2200000za#4500 |
| 001 | 9.575891 |
| 003 | CaOODSP |
| 005 | 20210624184859 |
| 007 | cr ||||||||||| |
| 008 | 150406|2009||||xxc|||||o f|0| 0 eng|d |
| 040 | |aCaOODSP|beng |
| 043 | |an-cn--- |
| 086 | 1 |aTU3-6/09-12E-PDF |
| 110 | 2 |aTransportation Safety Board of Canada. |
| 245 | 10|aMain-track derailment - Canadian Pacific Railway Freight Train 235-05, Mile 41.93, Winchester Subdivision Dalhousie, Quebec, 06 February 2009 |h[electronic resource] |
| 260 | |aOttawa - Ontario : |bTransportation Safety Board of Canada |c[2009]. |
| 300 | |a12p.|bcoloured illus., figs., references |
| 490 | 1 |aRailway investigation report |vR09D0012 |
| 590 | |a13-09-Supp|b2013-04-04 |
| 775 | 08|tDéraillement en voie principale - Chemin de fer Canadien Pacifique - Train de marchandises no 235-05, point milliaire 41,93 de la subdivision Winchester Dalhousie (Québec), le 6 février 2009 |w(CaOODSP)9.605279 |
| 830 | #0|aRailway investigation report ;|vR09D0012|w(CaOODSP)9.504849 |
| 856 | 40|ahttp://publications.gc.ca|qPDF|s544 KB|uhttps://publications.gc.ca/collections/collection_2013/bst-tsb/TU3-6-09-12-eng.pdf|yR09D0012 |